Сборник научных трудов аспирантов

Dettagli Bibliografici
Ente Autore: Ленинградский институт точной механики и оптики
Riassunto:Исключено из фонда НТБ ТПУ
Lingua:russo
Pubblicazione: Ленинград, Изд-во Ленинградского ин-та точной механики и оптики, 1974
Natura: MixedMaterials Libro
KOHA link:https://koha.lib.tpu.ru/cgi-bin/koha/opac-detail.pl?biblionumber=142359

MARC

LEADER 00000nam0a2200000 4500
001 142359
005 20231031142727.0
035 |a (RuTPU)RU\TPU\book\154273 
090 |a 142359 
100 |a 20080904d1974 k y0rusy50 ca 
101 0 |a rus 
102 |a RU 
105 |a a z 001zy 
200 1 |a Сборник научных трудов аспирантов  |f Ленинградский институт точной механики и оптики 
210 |a Ленинград  |c Изд-во Ленинградского ин-та точной механики и оптики  |d 1974 
215 |a 144 с.  |c ил. 
320 |a Библиография в конце статей 
333 |a Исключено из фонда НТБ ТПУ 
675 |a 681.4  |v 3 
712 0 2 |a Ленинградский институт точной механики и оптики  |2 stltpush  |3 (RuTPU)RU\TPU\col\13765 
801 1 |a RU  |b 63413507  |c 20080904  |g PSBO 
801 2 |a RU  |b 63413507  |c 20210406  |g PSBO 
942 |c BK